愛称路線名か正式名称か(サドンデス) - Statistics

General Stats
  • This quiz has been taken 381 times
  • The average score is 2 of 13
Answers on the Grid
Answers color-coded by a green-red scale on the quiz's grid according to % correct below.
彩都線
(大阪高速鉄道)
宮舞線
(北近畿タンゴ鉄道)
アストラムライン
(広島高速交通)
いずみ野線
(相模鉄道)
ニューシャトル
(埼玉新都市交通)
富士急行線
(富士急行)
若松線
(JR九州)
汐見橋線
(南海電鉄)
大江戸線
(東京都交通局)
つくばエクスプレス線
(首都圏新都市鉄道)
多摩川線
(東急電鉄)
宝塚本線
(阪急電鉄)
ゆりかもめ
(東京臨海新交通)
宇都宮線
(JR東日本)
桜通線
(名古屋市交通局)
アーバンパークライン
(東武鉄道)
あおなみ線
(名古屋臨海高速鉄道)
学研都市線
(JR西日本)
ごめん・なはり線
(土佐くろしお鉄道)
いわて銀河鉄道線
(IGRいわて銀河鉄道)
けいはんな線
(近畿日本鉄道)
知多新線
(名古屋鉄道)
フラワー長井線
(山形鉄道)
支線
(富山地方鉄道)
上飯田線
(名古屋市交通局)
天神大牟田線
(西日本鉄道)
JR東西線
(JR西日本)
門司港レトロ観光線
(平成筑豊鉄道)
多摩川線
(西武鉄道)
錦川清流線
(錦川鉄道)
ハピラインふくい線
(ハピラインふくい)
鳥海山ろく線
(由利高原鉄道)
 
Answer Stats
Answer % Correct
JR東西線
(JR西日本)
36%
天神大牟田線
(西日本鉄道)
27%
知多新線
(名古屋鉄道)
24%
上飯田線
(名古屋市交通局)
23%
けいはんな線
(近畿日本鉄道)
22%
多摩川線
(西武鉄道)
18%
ハピラインふくい線
(ハピラインふくい)
17%
いわて銀河鉄道線
(IGRいわて銀河鉄道)
12%
フラワー長井線
(山形鉄道)
11%
鳥海山ろく線
(由利高原鉄道)
9%
門司港レトロ観光線
(平成筑豊鉄道)
7%
錦川清流線
(錦川鉄道)
7%
支線
(富山地方鉄道)
6%
No matching quizzes found
Score Distribution
Percent of People with Each Score
Percentile by Number Answered
Your Score History
You have not taken this quiz